Kvalita pre tretie tisícročie
Guardado en:
| Autor principal: | |
|---|---|
| Otros Autores: | , |
| Formato: | Capítulo de libro |
| Lenguaje: | eslovaco |
| Etiquetas: |
Sin Etiquetas, Sea el primero en etiquetar este registro!
|
MARC
| LEADER | 00000naa$a2200000$$$4500 | ||
|---|---|---|---|
| 001 | 0143721 | ||
| 005 | 20240502072557.9 | ||
| 041 | 0 | |a slo | |
| 044 | |a SK | ||
| 245 | 1 | 0 | |a Kvalita pre tretie tisícročie |c Alica Lacková, Vojtech Kollár, Emil Roman |
| 100 | 1 | |a Lacková, Alica | |
| 700 | 1 | |a Kollár, Vojtech | |
| 700 | 1 | |a Roman, Emil | |